000116972 001__ 116972 000116972 005__ 20220606153926.0 000116972 037__ $$aGDOC-2021-69517 000116972 041__ $$aspa 000116972 041__ $$aeng 000116972 100__ $$0(orcid)0000-0001-9137-3387$$1565938$$aDaniel Elduque, Viñuales 000116972 24500 $$969517$$aCriterios de diseño de máquinas 000116972 24200 $$969517$$aMachine Design Criteria 000116972 260__ $$aZaragoza$$bUniversidad de Zaragoza$$c2021-2022 000116972 521__ $$9711$$aPrograma conjunto en Máster Universitario en Ingeniería Industrial-Máster Universitario en Ingeniería Electrónica$$b 000116972 540__ $$aby-nc-sa$$bCreative Commons$$c3.0$$uhttp://creativecommons.org/licenses/by-nc-sa/3.0/ 000116972 830__ $$9611 000116972 8564_ $$s7893$$uhttps://zaguan.unizar.es/record/116972/files/guia-69517-en.pdf$$yGuide (english) 000116972 8564_ $$s8323$$uhttps://zaguan.unizar.es/record/116972/files/guia-69517-es.pdf$$yGuía (idioma español) 000116972 970__ $$aGDOC-2021-69517 000116972 980__ $$aGDOC$$bEngineering and Architecture$$bIngeniería y Arquitectura$$c110